<?xml version="1.0" encoding="UTF-8"?><?xml-stylesheet type="text/xsl" href="static/style.xsl"?><OAI-PMH xmlns="http://www.openarchives.org/OAI/2.0/" xmlns:xsi="http://www.w3.org/2001/XMLSchema-instance" xsi:schemaLocation="http://www.openarchives.org/OAI/2.0/ http://www.openarchives.org/OAI/2.0/OAI-PMH.xsd"><responseDate>2026-04-13T02:43:36Z</responseDate><request verb="GetRecord" identifier="oai:www.recercat.cat:2072/482535" metadataPrefix="marc">https://recercat.cat/oai/request</request><GetRecord><record><header><identifier>oai:recercat.cat:2072/482535</identifier><datestamp>2025-07-29T23:22:50Z</datestamp><setSpec>com_2072_98</setSpec><setSpec>col_2072_378192</setSpec></header><metadata><record xmlns="http://www.loc.gov/MARC21/slim" xmlns:dcterms="http://purl.org/dc/terms/" xmlns:xsi="http://www.w3.org/2001/XMLSchema-instance" xmlns:doc="http://www.lyncode.com/xoai" xsi:schemaLocation="http://www.loc.gov/MARC21/slim http://www.loc.gov/standards/marcxml/schema/MARC21slim.xsd">
   <leader>00925njm 22002777a 4500</leader>
   <datafield ind2=" " ind1=" " tag="042">
      <subfield code="a">dc</subfield>
   </datafield>
   <datafield ind2=" " ind1=" " tag="720">
      <subfield code="a">González Quintero, Verónica</subfield>
      <subfield code="e">author</subfield>
   </datafield>
   <datafield ind2=" " ind1=" " tag="720">
      <subfield code="a">Candela Sanjuán, Bernardo</subfield>
      <subfield code="e">author</subfield>
   </datafield>
   <datafield ind2=" " ind1=" " tag="260">
      <subfield code="c">2024</subfield>
   </datafield>
   <datafield ind2=" " ind1=" " tag="520">
      <subfield code="a">Las representaciones visuales ayudan a las personas a comprender mejor conceptos complejos. Este estudio analiza el diseño gráfico como herramienta efectiva en la comunicación de términos sobre sostenibilidad y economía circular, facilitando la adopción de sus principios. A través de un análisis bibliográfico y comparativo de modelos visuales, se investiga cómo el diseño gráfico simplifica la representación de ecosistemas de diseño circular. Los resultados muestran que el uso de gráficos mejora la claridad y accesibilidad de estos modelos, revelando conexiones entre procesos complejos. Se concluye que las representaciones gráficas hacen que los enfoques sostenibles sean más prácticos y aplicables.</subfield>
   </datafield>
   <datafield ind2=" " ind1=" " tag="520">
      <subfield code="a">Les representacions visuals ajuden les persones a comprendre millor conceptes complexos. Aquest estudi analitza el disseny gràfic com a eina efectiva en la comunicació de termes sobre sostenibilitat i economia circular, facilitant l'adopció dels principis. Mitjançant una anàlisi bibliogràfica i comparativa de models visuals, s'investiga com el disseny gràfic simplifica la representació d'ecosistemes de disseny circular. Els resultats mostren que l'ús de gràfics millora la claredat i l'accessibilitat d'aquests models, revelant connexions entre processos complexos. Es conclou que les representacions gràfiques fan que els enfocaments sostenibles siguin més pràctics i aplicables.</subfield>
   </datafield>
   <datafield ind2=" " ind1=" " tag="520">
      <subfield code="a">Visual representations help people to better understand complex concepts. This study analyses graphic design as an effective tool for communicating sustainability and circular economy concepts and facilitating the adoption of its principles. Through a literature review and comparative analysis of visual models, it investigates how graphic design simplifies the representation of circular design ecosystems. The results show that the use of graphics improves the clarity and accessibility of these models, revealing connections between complex processes. It is concluded that graphical representations make sustainable approaches more practical and applicable.</subfield>
   </datafield>
   <datafield tag="653" ind2=" " ind1=" ">
      <subfield code="a">Modelos visuales</subfield>
   </datafield>
   <datafield tag="653" ind2=" " ind1=" ">
      <subfield code="a">Diseño circular</subfield>
   </datafield>
   <datafield tag="653" ind2=" " ind1=" ">
      <subfield code="a">Economía circular</subfield>
   </datafield>
   <datafield tag="653" ind2=" " ind1=" ">
      <subfield code="a">Sostenibilidad</subfield>
   </datafield>
   <datafield tag="653" ind2=" " ind1=" ">
      <subfield code="a">Visión diseño</subfield>
   </datafield>
   <datafield tag="653" ind2=" " ind1=" ">
      <subfield code="a">Visual models</subfield>
   </datafield>
   <datafield tag="653" ind2=" " ind1=" ">
      <subfield code="a">Circular design</subfield>
   </datafield>
   <datafield tag="653" ind2=" " ind1=" ">
      <subfield code="a">Circular economy</subfield>
   </datafield>
   <datafield tag="653" ind2=" " ind1=" ">
      <subfield code="a">Sustainability</subfield>
   </datafield>
   <datafield tag="653" ind2=" " ind1=" ">
      <subfield code="a">Design vision</subfield>
   </datafield>
   <datafield tag="653" ind2=" " ind1=" ">
      <subfield code="a">Models visuals</subfield>
   </datafield>
   <datafield tag="653" ind2=" " ind1=" ">
      <subfield code="a">Disseny circular</subfield>
   </datafield>
   <datafield tag="653" ind2=" " ind1=" ">
      <subfield code="a">Economia circular</subfield>
   </datafield>
   <datafield tag="653" ind2=" " ind1=" ">
      <subfield code="a">Sostenibilitat</subfield>
   </datafield>
   <datafield tag="653" ind2=" " ind1=" ">
      <subfield code="a">Visió disseny</subfield>
   </datafield>
   <datafield ind2="0" ind1="0" tag="245">
      <subfield code="a">El diseño gráfico y los modelos visuales en la economía circular</subfield>
   </datafield>
</record></metadata></record></GetRecord></OAI-PMH>